ბათუმის შოთა რუსთაველის სახელმწიფო უნივერსიტეტის ბიბლიოთეკა

ფისკალური სტატისტიკა / (ბიბ.ჩანაწერი № 39783)

000 -ლიდერი
ფიქსირებული სიგრძის საკონტროლო ველი 00986nam a2200229Ia 4500
001 - საკონტროლო ნომერი
საკონტროლო ველი 6388
003 - საკონტროლო ნომრის იდენტიფიკატორი
საკონტროლო ველი GE_BSU
005 - ბოლო ოპერაციის თარიღი და დრო
საკონტროლო ველი 20191210151617.0
008 - ფიქსირებული სიგრძის მონაცემთა ელემენტები - ზოგადი ინფორმაცია
ფიქსირებული სიგრძის საკონტროლო ველი 181216s2004||||ge |||||||||||||| ||geo||
040 ## - კატალოგიზაციის წყარო
Transcribing agency GE_BSU
041 ## - ენის კოდი
Language code of text/sound track or separate title geo
080 ## - უნივერსალური ათობითი კლასიფიკაციის ინდექსი
Universal Decimal Classification number 31(075.8) გ-12
100 ## - მთავარი ჩანაწერი - პიროვნების სახელი
Personal name გაბიძაშვილი, ბიკენტი
9 (RLIN) 5072
245 ## - ცნობა სათაურის შესახებ
Title ფისკალური სტატისტიკა /
Statement of responsibility, etc ბიკენტი გაბიძაშვილი; რედაქტორი: ს. გელაშვილი.
264 ## - წარმოების, გამოცემის, დისტრიბუციის და სხვა ცნობები
გამოცემის, წარმოების, დისტრიბუციის... ადგილი თბილისი :
გამოცემის, წარმოების, დისტრიბუციის... სახელწოდება შპს "ალტა,
გამოცემის, წარმოების, დისტრიბუციის... თარიღი 2004.
300 ## - ფიზიკური აღწერა
Extent 105 გვ.;
Other physical details 20 სმ.
653 ## - INDEX TERM--UNCONTROLLED
Uncontrolled term საგადასახადო-საბიუჯეტო საკითხები საქართველოში
653 ## - INDEX TERM--UNCONTROLLED
Uncontrolled term სტატისტიკა
653 ## - INDEX TERM--UNCONTROLLED
Uncontrolled term ეკონომიკა
700 ## - ADDED ENTRY--PERSONAL NAME
Personal name გელაშვილი, ს.
Relator term რედაქტორი
9 (RLIN) 5758
942 ## - ADDED ENTRY ELEMENTS (KOHA)
Koha item type წიგნი
Source of classification or shelving scheme
ეგზემპლარები
ჩამოწერის სტატუსი დაკარგული ეგზემპლარის სტატუსი კლასიფიკაციის წყარო ან თაროზე გაწყობის სქემა დაზიანების სტატუსი არ გაიცემა მუდმივი მდებარეობა (დაცვის ადგილი) ამჟამინდელი ადგილსამყოფელი თაროზე განთავსების ადგილი შეძენის თარიღი სრული შენახვის შიფრი შტრიხკოდი ბოლო ოპერაციის თარიღი ეგზემპლარის მიმდევრობითი ნომერი (კეტერი?) ფასის ძალაში შესვლის თარიღი ეგზემპლარის სახეობა მითითებული მასალები (აკინძული ტომები ან სხვა ნაწილი) ღირებულება, შესყიდვის ნორმალური ფასი საჯარო შენიშვნა
          ბათუმის შოთა რუსთაველის სახელმწიფო უნივერსიტეტის მთავარი ბიბლიოთეკა ბათუმის შოთა რუსთაველის სახელმწიფო უნივერსიტეტის მთავარი ბიბლიოთეკა წიგნსაცავი 2018-12-17 31(075.8) გ-12 7018 2018-12-17 7018 2018-12-17 წიგნი      
          ბათუმის შოთა რუსთაველის სახელმწიფო უნივერსიტეტის მთავარი ბიბლიოთეკა ბათუმის შოთა რუსთაველის სახელმწიფო უნივერსიტეტის მთავარი ბიბლიოთეკა წიგნსაცავი 2018-12-17 31(075.8) გ-12 00460 2018-12-17 00460 2018-12-17 წიგნი ქსეროქსი 3.00 3 ლ.04 თ.
          ბათუმის შოთა რუსთაველის სახელმწიფო უნივერსიტეტის მთავარი ბიბლიოთეკა ბათუმის შოთა რუსთაველის სახელმწიფო უნივერსიტეტის მთავარი ბიბლიოთეკა წიგნსაცავი 2018-12-17 31(075.8) გ-12 00461 2018-12-17 00461 2018-12-17 წიგნი ქსეროქსი 3.00 3 ლ.04 თ.